000 00587nmm a2200193Ia 4500
008 251105s9999||||xx |||||||||||||||||und||
020 _a9788499456102
041 _aspa
100 _aPinçon, Bertrand
245 0 _aLa pareja en el Antiguo Testamento :
_b Cuaderno biblico 158
264 _a[Madrid, España] :
_bEditorial Verbo Divino,
_c2013
300 _a70 páginas
490 _aCuadernos bíblicos
650 _aReligion(s)
700 _aPinçon, Bertrand
700 1 _a Barrado Fernández, Pedro
856 _uhttps://public.digitaliapublishing.com/a/51031
942 _cCF
999 _c70038
_d70038